| 000 | 01454cam a22002054a 4500 | ||
|---|---|---|---|
| 005 | 20250605163947.0 | ||
| 008 | 250528s ||||||||||||||||||||||||d | ||
| 035 | _a15250 | ||
| 020 | _a750606576 | ||
| 040 |
_aGR-AtMCL _bgre _dGR-AtMCL _eAACR2 |
||
| 245 | 1 | _aCorporate Financial Strategy | |
| 250 | _a1st | ||
| 260 |
_bButterworth Heinemann, _c1993 |
||
| 300 | _a294 | ||
| 520 | _aThis book provides an excellent introduction to finance in a strategic context. Preface, Putting Financial Strategy in Context, Defining Financial Strategy, Linking Corporate and Financial Strategies, Review of Theories of Finance, Organic Stages of Development and Tailored Financial Strategies, Start-Up Business - Venture Capital, Growth Companies - Marketing Focused, Mature Companies - To Divid or Not?, Declining Business - A Case for Euthanasia? Dynamic Growth, Mergers and Acquisitions - An Overview, Debt Versus Equity in Practice, Using Convertibles, Structuring Earn-Outs and Using Them with Convertibles, Cross-Border M & A - The International Aspect, Changing Strategies and The Role of Finance, Restructuring Strategies, Privatization - Two Very Different Views, Management Buy-Outs and Buy-Ins, Corporate Finance for Banks and Professional Advisers, Developing a Sustainable Competitive Advantage in Corporate Finance, A Financial Strategy Analytical Model, Index. | ||
| 700 | 1 |
_aWard Keith _91143 |
|
| 942 | _cBK | ||
| 999 |
_c843 _d843 |
||